000 00328nam a2200121Ia 4500
008 250110s9999 xx 000 0 und d
041 _aeng
100 _aKoshti Pooja
_9182570
245 _aThree Star Hotel At Undri Pune
260 _bFinal Year B. Arch, BNCA
_c2014
300 _a89p
700 _aGuide Name:Kanhere G k
_9210245
999 _c363437
_d363437